<?xml version="1.0" encoding="UTF-8"?>
<record
    xmlns:xsi="http://www.w3.org/2001/XMLSchema-instance"
    xsi:schemaLocation="http://www.loc.gov/MARC21/slim http://www.loc.gov/standards/marcxml/schema/MARC21slim.xsd"
    xmlns="http://www.loc.gov/MARC21/slim">

  <leader>01431nam a22003017a 4500</leader>
  <controlfield tag="001">1479</controlfield>
  <controlfield tag="005">20251023145951.0</controlfield>
  <datafield tag="020" ind1=" " ind2=" ">
    <subfield code="a">9789995054205</subfield>
  </datafield>
  <datafield tag="040" ind1=" " ind2=" ">
    <subfield code="a">FISKH </subfield>
    <subfield code="b">eng</subfield>
    <subfield code="c">FISKH </subfield>
    <subfield code="d">FISKH </subfield>
  </datafield>
  <datafield tag="082" ind1=" " ind2=" ">
    <subfield code="a">617.6</subfield>
  </datafield>
  <datafield tag="100" ind1=" " ind2=" ">
    <subfield code="a">Tepirro, Chhe </subfield>
  </datafield>
  <datafield tag="245" ind1=" " ind2=" ">
    <subfield code="a">&#x1780;&#x17B6;&#x179A;&#x1790;&#x17C2;&#x1791;&#x17B6;&#x17C6;&#x1798;&#x17B6;&#x178F;&#x17CB;&#x1792;&#x17D2;&#x1798;&#x17C1;&#x1789; / </subfield>
  </datafield>
  <datafield tag="250" ind1=" " ind2=" ">
    <subfield code="a">&#x1794;&#x17C4;&#x17C7;&#x1796;&#x17BB;&#x1798;&#x17D2;&#x1796;&#x179B;&#x17BE;&#x1780;&#x1791;&#x17B8; &#x17E8; &#x1780;&#x17BB;&#x1798;&#x17D2;&#x1797;&#x17C8; &#x17E2;&#x17E0;&#x17E2;&#x17E2; </subfield>
  </datafield>
  <datafield tag="260" ind1=" " ind2=" ">
    <subfield code="a">Phnom Penh : </subfield>
    <subfield code="b">Sipar, </subfield>
    <subfield code="c">2022.</subfield>
  </datafield>
  <datafield tag="300" ind1=" " ind2=" ">
    <subfield code="a">28 pages : </subfield>
    <subfield code="b">color illustrations ; </subfield>
    <subfield code="c">29 cm</subfield>
  </datafield>
  <datafield tag="490" ind1=" " ind2=" ">
    <subfield code="a">&#x1794;&#x17C6;&#x178E;&#x17B7;&#x1793;&#x1787;&#x17B8;&#x179C;&#x17B7;&#x178F;</subfield>
  </datafield>
  <datafield tag="505" ind1=" " ind2=" ">
    <subfield code="a">Z'
</subfield>
  </datafield>
  <datafield tag="520" ind1=" " ind2=" ">
    <subfield code="a">&#x1794;&#x1784;&#x17D2;&#x17A0;&#x17B6;&#x1789;&#x1796;&#x17B8;&#x178F;&#x17BD;&#x1793;&#x17B6;&#x1791;&#x17B8;&#x179A;&#x1794;&#x179F;&#x17CB;&#x1798;&#x17B6;&#x178F;&#x17CB;&#x1792;&#x17D2;&#x1798;&#x17C1;&#x1789;&#x1796;&#x17B8;&#x1798;&#x17BC;&#x179B;&#x17A0;&#x17C1;&#x178F;&#x17BB;&#x178A;&#x17C2;&#x179B;&#x1794;&#x1784;&#x17D2;&#x1780;&#x17B3;&#x17D2;&#x1799;&#x1798;&#x17B6;&#x1793;&#x1787;&#x17C6;&#x1784;&#x17BA; &#x1796;&#x17B8;&#x179A;&#x1794;&#x17C0;&#x1794;&#x178A;&#x17BB;&#x179F;&#x179F;&#x1798;&#x17D2;&#x17A2;&#x17B6;&#x178F; &#x1796;&#x17D2;&#x179A;&#x1798;&#x1791;&#x17B6;&#x17C6;&#x1784;&#x1780;&#x17B6;&#x179A;&#x1789;&#x17C9;&#x17B6;&#x17C6;&#x1785;&#x17C6;&#x178E;&#x17B8;&#x178A;&#x17C2;&#x179B;&#x1792;&#x17D2;&#x179C;&#x17BE;&#x17B3;&#x17D2;&#x1799;&#x1792;&#x17D2;&#x1798;&#x17C1;&#x1789;&#x179A;&#x17B9;&#x1784;&#x1798;&#x17B6;&#x17C6;&#x1791;&#x17C0;&#x178F;&#x1795;&#x1784;&#x17D4; </subfield>
  </datafield>
  <datafield tag="520" ind1=" " ind2=" ">
    <subfield code="a">Demonstrate the role of the mouth, the cause of the disease, how to brush and eat, as well as eating foods that strengthen the teeth.</subfield>
  </datafield>
  <datafield tag="521" ind1=" " ind2=" ">
    <subfield code="a">1120
</subfield>
    <subfield code="b">Lexile estimate
</subfield>
  </datafield>
  <datafield tag="521" ind1=" " ind2=" ">
    <subfield code="a">Z'
</subfield>
    <subfield code="b">Raz-Plus
</subfield>
  </datafield>
  <datafield tag="650" ind1=" " ind2=" ">
    <subfield code="a">&#x178F;&#x17BD;&#x1793;&#x17B6;&#x1791;&#x17B8; </subfield>
    <subfield code="v">&#x1798;&#x17BC;&#x179B;&#x17A0;&#x17C1;&#x178F;&#x17BB; </subfield>
    <subfield code="x">&#x179F;&#x1798;&#x17D2;&#x17A2;&#x17B6;&#x178F; </subfield>
  </datafield>
  <datafield tag="650" ind1=" " ind2=" ">
    <subfield code="a">Role </subfield>
    <subfield code="v">Cause </subfield>
    <subfield code="x">Clean </subfield>
  </datafield>
  <datafield tag="700" ind1=" " ind2=" ">
    <subfield code="a">Sophaleap, Nhoek </subfield>
    <subfield code="c">illustrator </subfield>
  </datafield>
  <datafield tag="700" ind1=" " ind2=" ">
    <subfield code="a">Rotha, Ouk</subfield>
    <subfield code="c">illustrator </subfield>
  </datafield>
  <datafield tag="700" ind1=" " ind2=" ">
    <subfield code="a">Hoksrin, Chrim </subfield>
    <subfield code="c">illustrator </subfield>
  </datafield>
  <datafield tag="942" ind1=" " ind2=" ">
    <subfield code="2">ddc</subfield>
    <subfield code="c">BK</subfield>
    <subfield code="n">0</subfield>
  </datafield>
  <datafield tag="999" ind1=" " ind2=" ">
    <subfield code="c">1479</subfield>
    <subfield code="d">1479</subfield>
  </datafield>
  <datafield tag="952" ind1=" " ind2=" ">
    <subfield code="0">0</subfield>
    <subfield code="1">0</subfield>
    <subfield code="2">ddc</subfield>
    <subfield code="4">0</subfield>
    <subfield code="7">0</subfield>
    <subfield code="8">KHMERNF</subfield>
    <subfield code="a">001</subfield>
    <subfield code="b">001</subfield>
    <subfield code="c">RHTK2</subfield>
    <subfield code="d">2023-08-28</subfield>
    <subfield code="l">0</subfield>
    <subfield code="o">TER 617.6</subfield>
    <subfield code="p">2023-0383</subfield>
    <subfield code="r">2023-08-28 10:02:37</subfield>
    <subfield code="t">1</subfield>
    <subfield code="w">2023-08-28</subfield>
    <subfield code="y">BK</subfield>
  </datafield>
  <datafield tag="952" ind1=" " ind2=" ">
    <subfield code="0">0</subfield>
    <subfield code="1">0</subfield>
    <subfield code="2">ddc</subfield>
    <subfield code="4">0</subfield>
    <subfield code="7">0</subfield>
    <subfield code="8">KHMERNF</subfield>
    <subfield code="a">001</subfield>
    <subfield code="b">001</subfield>
    <subfield code="c">RHTK2</subfield>
    <subfield code="d">2023-08-28</subfield>
    <subfield code="l">1</subfield>
    <subfield code="o">TER 617.6</subfield>
    <subfield code="p">2023-0384</subfield>
    <subfield code="r">2025-05-26 09:28:30</subfield>
    <subfield code="s">2025-05-21</subfield>
    <subfield code="t">2</subfield>
    <subfield code="w">2023-08-28</subfield>
    <subfield code="y">BK</subfield>
  </datafield>
  <datafield tag="952" ind1=" " ind2=" ">
    <subfield code="0">0</subfield>
    <subfield code="1">0</subfield>
    <subfield code="2">ddc</subfield>
    <subfield code="4">0</subfield>
    <subfield code="7">0</subfield>
    <subfield code="8">KHMERNF</subfield>
    <subfield code="a">002</subfield>
    <subfield code="b">002</subfield>
    <subfield code="c">SKB</subfield>
    <subfield code="d">2025-10-23</subfield>
    <subfield code="l">0</subfield>
    <subfield code="o">TER 617.6</subfield>
    <subfield code="p">FIS05269</subfield>
    <subfield code="r">2025-10-23 14:59:41</subfield>
    <subfield code="t">3</subfield>
    <subfield code="w">2025-10-23</subfield>
    <subfield code="y">BK</subfield>
  </datafield>
</record>
